000 01796nam a2200289 i 4500
001 196059
003 ES-MaACL
005 20250429063012.0
008 240810s2014 sp ||||| |||| 00| 0 spa d
017 _aT 1537-2013
020 _a9788415523710
_qOficina Depósito Legal Tarragona
040 _cES-MaACL
100 1 _9173088
_aLlácer, Juan Luis
_eaut
245 _aLa memoria sagrada /
_bJuan Luis Llácer.
260 _aConesa :
_bUshuaia Ediciones,
_c2014.
300 _a368 p. :
_c22 cm.
336 _2rdacontent
_aTexto
337 _2rdamedia
_asin mediación
338 _2rdacarrier
_avolumen
520 _aLa memoria sagrada es la puerta abierta a la vivencia del alma, término que equivale a la conciencia despierta que observa la Realidad a través de la mente iluminada. Tomando como referencia una talla del siglo xv, conservada en el monasterio de Santo Domingo de Silos, en este libro se expone el itinerario que conduce desde la conciencia condicionada por una mente no iluminada, hasta la conciencia libre de ese condicionamiento, la conciencia despierta o búdica. La descripción de ese recorrido iniciático permite establecer la unidad primordial de todas las corrientes de espiritualidad, especialmente las que tienen como referencia a las figuras de Buda y Jesús, los mayores exponentes de esas formas de energía espiritual a las que llamamos sabiduría y amor.
852 _aES-MaACL
_bR.152981
_cDEPOJ
_jN-9186
_hDonación: Juan Luis Llácer
_xEncuadernación rústica con solapas
_9205091
_gDedicatoria autógrafa del autor
903 _9173088
_aLlácer, Juan Luis
_ednr
942 _cMONOGRAFIA
_n0
999 _c196059
_d196059